Inovačné trendy v stredoškolskom vzdelávaní
Nové technológie na stredných školách, prínosy. Výhody a nevýhody jednotlivých druhov e-materiálov. Šablóna interaktívnej lekcie.
Na minha lista:
| Autor principal: | |
|---|---|
| Outros Autores: | |
| Formato: | Capítulo de Livro |
| Idioma: | eslovaco |
| Assuntos: | |
| Tags: |
Sem tags, seja o primeiro a adicionar uma tag!
|
MARC
| LEADER | 00000nla$a2200000$$$4500 | ||
|---|---|---|---|
| 001 | 0147247 | ||
| 005 | 20240530103304.4 | ||
| 041 | 0 | |a slo | |
| 044 | |a SK | ||
| 245 | 1 | 0 | |a Inovačné trendy v stredoškolskom vzdelávaní |c Hana Trochanová, Lujza Jurkovičová |
| 520 | |a Nové technológie na stredných školách, prínosy. Výhody a nevýhody jednotlivých druhov e-materiálov. Šablóna interaktívnej lekcie. | ||
| 610 | 2 | 0 | |a školy stredné |
| 610 | 2 | 0 | |a technológie nové |
| 610 | 2 | 0 | |a technológie informačné |
| 610 | 2 | 0 | |a technológie komunikačné |
| 610 | 2 | 0 | |a vzdelávanie elektronické |
| 100 | 1 | |a Trochanová, Hana | |
| 700 | 1 | |a Jurkovičová, Lujza | |